000 00958nam a2200253Ia 4500
003 OSt
005 20220923212750.0
006 a|||||r|||| 00| 0
007 ta
008 220922b |||||||| |||| 00| 0 hin d
024 _a155,728
037 _cTextual
040 _aARTS
_cARTS
_bhin
041 _2hin
_ahin
082 _aO1520m64,1(Delta25):g, L0
100 _aबत्रा, श्रीनिवास
245 0 _aहिन्दी और फारसी काव्य का तुलनात्मक अध्ययन
246 _aHindī aur fārasī kāvya kā tulanātmak adhyayana
260 _aवाराणसी
_b नागरीप्रचारिणी सभा
_c1970
300 _a781पृ.
_ccm.
650 _aहिन्दी साहित्य
_9156264
942 _hO1520m64,1(Delta25):g, L0
_cTEXL
_2CC
999 _c311196
_d311196